|
|
|
|
| LEADER |
00000nam a2200000 a 4500 |
| 001 |
vtls001392157 |
| 003 |
SK-MaSNL |
| 005 |
20260301161631.0 |
| 008 |
240315s2000 xo r 0 slo |
| 015 |
|
|
|a SNBI2001/04-02630
|
| 020 |
|
|
|a 8096730614
|
| 035 |
|
|
|a SNK000346454
|
| 040 |
|
|
|a SNK
|b slo
|c SNK
|e AACR2
|
| 041 |
0 |
|
|a slo
|
| 044 |
|
|
|a xo
|c SK
|
| 080 |
|
|
|a 340(437.1/.2+437.6)(083.81)"1945/2000"
|2 1981
|
| 100 |
1 |
|
|a Púchovská, Edita
|4 aut
|9 301262
|
| 240 |
1 |
0 |
|a Zákony, etc.
|
| 245 |
1 |
|
|a Prehľad platných právnych predpisov v Slovenskej republike
|b od 9.5.1945 : aktuálny stav k 31.3.2000
|c Edita Púchovská komerčná právnička a kol.
|
| 260 |
|
|
|a Žilina
|b Vydavateľstvo JKS
|c 2000
|
| 300 |
|
|
|a 324 s.
|c 21 cm
|
| 500 |
|
|
|a Voľné listy bez obalu
|
| 650 |
0 |
7 |
|a právo
|x predpisy právne
|x príručky
|2 SNK
|9 298288
|
| 655 |
|
7 |
|a pokyny
|2 SNK
|9 70685
|
| 730 |
|
|
|t Zákony, etc.
|9 297084
|
| 919 |
|
|
|a 80-967306-1-4
|
| 958 |
|
|
|a TL
|
| 999 |
|
|
|c 810247
|d 812177
|
| 952 |
|
|
|t P60, <03>, [BOOK], {603}
|a SNK
|b SNK
|y PREZ
|7 0
|p 17A0312620
|o snkSC 105901
|i snkKSP 10294/2001
|0 0
|1 0
|4 0
|d 2001-08-30
|l 0
|r 2025-09-26 00:00:00
|w 2026-02-24
|